| 000 | 01704nam a2200481 i 4500 | ||
|---|---|---|---|
| 001 | 25140 | ||
| 003 | KOSZ 005 | ||
| 005 | 20200508102503.0 | ||
| 008 | 980702s1992 pl a f |000 0 pol | ||
| 015 | _aUWD 1996/6683 | ||
| 020 | _a8390490323 | ||
| 035 | _a991004078229705066 | ||
| 035 | _a(PL-WaBN)b11083402-48omnis_nlop | ||
| 035 | _ab11083402 | ||
| 035 | _a(OCoLC)751173498 | ||
| 035 | _a(PL)b0000001108340 | ||
| 035 | _a(EXLNZ-48OMNIS_NETWORK)9910033743605606 | ||
| 040 |
_aWA N _cWA N _dKOSZ 005/EG |
||
| 080 | _a658.1/.5 | ||
| 100 | 1 |
_aKowalczuk-Jakubowska, Danuta _eAutor |
|
| 245 | 1 | 0 |
_aRestrukturyzacja jako technika ratowania i rozwoju przedsiębiorstwa / _cDanuta Kowalczuk-Jakubowska, Anna Malewicz ; [Instytut Organizacji i Zarządzania w Przemyśle "Orgmasz"]. |
| 250 | _a[Dodr.]. | ||
| 260 |
_aWarszawa : _b"Orgmasz", _c1992 [i.e.] 1995. |
||
| 300 |
_a136 s. : _b3 wykr. ; _c21 cm. |
||
| 336 |
_aTekst _btxt _2rdacontent |
||
| 337 |
_aBez urządzenia pośredniczącego _bn _2rdamedia |
||
| 338 |
_aWolumin _bnc _2rdacarrier |
||
| 380 | _aKsiążki | ||
| 388 | _a1901-2000 | ||
| 388 | _a1989-2000 | ||
| 490 | 1 |
_aZarządzanie Firmą ; _v14 |
|
| 504 | _aBibliogr. s. 133-135. | ||
| 650 | 7 |
_aFinanse przedsiębiorstwa _2DBN |
|
| 650 | 7 |
_aPrzedsiębiorstwo _2DBN |
|
| 650 | 7 | _aOrganizacja | |
| 650 | 7 | _aPrawo | |
| 658 | _aGospodarka, ekonomia, finanse | ||
| 700 | 1 |
_aMalewicz, Anna _c(organizacja i zarządzanie) _eAutor |
|
| 830 | 0 |
_aZarządzanie Firmą ; _v14 |
|
| 856 |
_uhttp://koha.tu.koszalin.pl/cgi-bin/koha/opac-detail.pl?biblionumber=25140 _yKatalog online BPK |
||
| 942 |
_2UKD _cKS |
||
| 999 |
_c25140 _d25140 |
||